000 00296nam a2200121Ia 4500
008 220217s9999||||xx |||||||||||||| ||und||
082 _a004.65 CIS
100 _aCisco press
_93241
245 0 _aCisco networking
260 _aCisco press
_c2000
300 _b760
650 _aCOMPUTER NETWORK
999 _c171239
_d171239